The Good Research Guide for small-scale social research projects

Podrobná bibliografie
Hlavní autor: Denscombe M. Martyn
Shrnutí:The Good Research Guide has been a best-selling introduction to the basics of social research since it was first published.This new edition continues to offer the same clear guidance on how to conduct successful small-scale research projects and adds even more value by including new sections on internet research, phenomenology, grounded theory and image-based methods.The book provides: A clear summary of the relevant strategies, methods and approaches to data analysis Jargon-free coverage of the key issues An attractive layout and user-friendly presentation Checklists to guide good practicePractical and comprehensive, The Good Research Guide is an invaluable tool for students of education, health studies, business studies and other social sciences, who need to conduct small-scale research projects as part of undergraduate, postgraduate or professional studies.
Jazyk:angličtina
Vydáno: New York, Open Uneversity Press, 2005
Vydání:2nd ed.
Témata:
Médium: MixedMaterials Kniha
KOHA link:https://koha.lib.tpu.ru/cgi-bin/koha/opac-detail.pl?biblionumber=212373

MARC

LEADER 00000nam0a2200000 4500
001 212373
005 20231101225743.0
010 |a 0335213030 
035 |a (RuTPU)RU\TPU\book\232021 
090 |a 212373 
100 |a 20120326d2005 k y0engy50 ba 
101 0 |a eng 
102 |a US 
105 |a y z 001zy 
200 1 |a The Good Research Guide for small-scale social research projects  |f M. Denscombe 
205 |a 2nd ed. 
210 |a New York  |c Open Uneversity Press  |d 2005 
215 |a 310 p. 
320 |a References: p. 302-306. 
320 |a Index: p. 307-310. 
330 |a The Good Research Guide has been a best-selling introduction to the basics of social research since it was first published.This new edition continues to offer the same clear guidance on how to conduct successful small-scale research projects and adds even more value by including new sections on internet research, phenomenology, grounded theory and image-based methods.The book provides: A clear summary of the relevant strategies, methods and approaches to data analysis Jargon-free coverage of the key issues An attractive layout and user-friendly presentation Checklists to guide good practicePractical and comprehensive, The Good Research Guide is an invaluable tool for students of education, health studies, business studies and other social sciences, who need to conduct small-scale research projects as part of undergraduate, postgraduate or professional studies. 
606 1 |a Социальные технологии  |2 stltpush  |3 (RuTPU)RU\TPU\subj\42156  |9 61882 
610 1 |a социология 
610 1 |a социальные проекты 
610 1 |a социальные исследования 
610 1 |a подготовка 
610 1 |a проведение 
610 1 |a методы 
610 1 |a английский язык 
686 |a С55  |v LBC/SL-A  |2 rubbk 
700 1 |a Denscombe  |b M.  |g Martyn 
801 1 |a RU  |b 63413507  |c 20120326 
801 2 |a RU  |b 63413507  |c 20120402  |g RCR 
942 |c BK